Kraje, które zawierają literę Z lub Ż - Statystyki

Ogólne statystyki
  • Ten quiz został rozwiązany 3 607 razy
    2 141 od ostatniego zresetowania
  • Średni wynik to 19 z 33
Statystyki odpowiedzi
Country % Poprawnych
Zambia
87%
Zimbabwe
84%
Szwecja
77%
Szwajcaria
72%
Nowa Zelandia
71%
Czechy
69%
Stany Zjednoczone
67%
Zjednoczone Emiraty Arabskie
67%
Brazylia
66%
Hiszpania
66%
Kazachstan
64%
Azerbejdżan
63%
Uzbekistan
58%
Indonezja
57%
Tadżykistan
57%
Czarnogóra
56%
Wenezuela
56%
Czad
52%
Gruzja
52%
Izrael
52%
Fidżi
50%
Malezja
49%
Dżibuti
48%
Tanzania
47%
Belize
46%
Mozambik
46%
Kambodża
45%
Tunezja
45%
Mikronezja
43%
Seszele
41%
Bangladesz
40%
Demokratyczna Republika Konga
38%
Wyspy Świetego Tomasza i Książęca
36%
Nie znaleziono quizów pasujących do podanych kryteriów
Rozkład punktacji
Procent ludzi z każdym wynikiem
Percentyl według liczby udzielonych odpowiedzi
Twoja historia wyników
Nie rozwiązałeś tego quizu od ostatniego zresetowania